ANSYS Tutorial Release 7.0 (Record no. 306391)
[ view plain ]
| 000 -LEADER | |
|---|---|
| fixed length control field | 00311 a2200121 4500 |
| 001 - CONTROL NUMBER | |
| control field | 71318 |
| 003 - CONTROL NUMBER IDENTIFIER | |
| control field | NUST |
| 005 - DATE AND TIME OF LATEST TRANSACTION | |
| control field | 20180119122917.0 |
| 008 - FIXED-LENGTH DATA ELEMENTS--GENERAL INFORMATION | |
| fixed length control field | 180119b xxu||||| |||| 00| 0 eng d |
| 020 ## - INTERNATIONAL STANDARD BOOK NUMBER | |
| International Standard Book Number | 1585030821 |
| 082 ## - DEWEY DECIMAL CLASSIFICATION NUMBER | |
| Classification number | 005.15135 LAW |
| 100 ## - MAIN ENTRY--PERSONAL NAME | |
| Personal name | Kent L Lawrence |
| 9 (RLIN) | 9079 |
| 245 ## - TITLE STATEMENT | |
| Title | ANSYS Tutorial Release 7.0 |
| Medium | English |
| Statement of responsibility, etc. | Kent L Lawrence |
| 260 ## - PUBLICATION, DISTRIBUTION, ETC. | |
| Place of publication, distribution, etc. | USA |
| Name of publisher, distributor, etc. | SDC |
| Date of publication, distribution, etc. | 06/2003 |
| 942 ## - ADDED ENTRY ELEMENTS (KOHA) | |
| Institution code [OBSOLETE] | CAE NUST |
| Koha item type | Book |
| Call number prefix | 005.15135 LAW |
| Source of classification or shelving scheme | |
| Withdrawn status | Lost status | Damaged status | Not for loan | Collection code | Permanent Location | Current Location | Date acquired | Total Checkouts | Full call number | Barcode | Date last seen | Price effective from | Koha item type |
|---|---|---|---|---|---|---|---|---|---|---|---|---|---|
| College of Aeronautical Engineering (CAE) | College of Aeronautical Engineering (CAE) | 04/03/2017 | 005.15135 LAW | CAE74765 | 04/05/2017 | 04/05/2017 | Book |
